<?xml version="1.0" encoding="UTF-8"?>
<record
    xmlns:xsi="http://www.w3.org/2001/XMLSchema-instance"
    xsi:schemaLocation="http://www.loc.gov/MARC21/slim http://www.loc.gov/standards/marcxml/schema/MARC21slim.xsd"
    xmlns="http://www.loc.gov/MARC21/slim">

  <leader>01537cam a22002891  4500</leader>
  <controlfield tag="001">agr42000353 </controlfield>
  <controlfield tag="003">DLC</controlfield>
  <controlfield tag="005">20260227111001.0</controlfield>
  <controlfield tag="008">840125m19421961dcu          f000 0 eng  </controlfield>
  <datafield tag="010" ind1=" " ind2=" ">
    <subfield code="a">agr42000353 </subfield>
  </datafield>
  <datafield tag="040" ind1=" " ind2=" ">
    <subfield code="a">DLC/ICU</subfield>
    <subfield code="c">ICU</subfield>
    <subfield code="d">DLC</subfield>
  </datafield>
  <datafield tag="050" ind1="0" ind2="0">
    <subfield code="a">Z5358.A12</subfield>
    <subfield code="b">B5</subfield>
  </datafield>
  <datafield tag="051" ind1=" " ind2=" ">
    <subfield code="a">S21</subfield>
    <subfield code="b">.A46 no. 401, etc.</subfield>
    <subfield code="c">Copy 2.</subfield>
  </datafield>
  <datafield tag="082" ind1="0" ind2="0">
    <subfield code="a">016.5819</subfield>
  </datafield>
  <datafield tag="100" ind1="1" ind2=" ">
    <subfield code="a">Blake, S. F.</subfield>
    <subfield code="q">(Sidney Fay),</subfield>
    <subfield code="d">1892-1959.</subfield>
  </datafield>
  <datafield tag="245" ind1="1" ind2="0">
    <subfield code="a">Geographical guide to floras of the world,</subfield>
    <subfield code="b">an annotated list with special reference to useful plants and common plant names.</subfield>
  </datafield>
  <datafield tag="260" ind1=" " ind2=" ">
    <subfield code="a">Washington,</subfield>
    <subfield code="b">For sale by the Superintendent of Documents, U.S. Govt. Print. Off.,</subfield>
    <subfield code="c">1942-1961.</subfield>
  </datafield>
  <datafield tag="300" ind1=" " ind2=" ">
    <subfield code="a">2 v.</subfield>
    <subfield code="c">24 cm.</subfield>
  </datafield>
  <datafield tag="490" ind1="1" ind2=" ">
    <subfield code="a">U.S. Dept. of Agriculture. Miscellaneous publication</subfield>
    <subfield code="v">no. 401, 797</subfield>
  </datafield>
  <datafield tag="500" ind1=" " ind2=" ">
    <subfield code="a">Running title: Floras of the world.</subfield>
  </datafield>
  <datafield tag="500" ind1=" " ind2=" ">
    <subfield code="a">Joint contribution from Bureau of Plant Industry and U.S. Dept. of Agriculture Library.</subfield>
  </datafield>
  <datafield tag="505" ind1="0" ind2=" ">
    <subfield code="a">I. Africa, Australia, North America, South America, and islands of the Atlantic, Pacific, and Indian oceans, by S.F. Blake and Alice C. Atwood.--II. Western Europe: Finland, Sweden, Norway, Denmark, Iceland, Great Britain with Ireland, Netherlands, Belgium, Luxembourg, France, Spain, Portugal, Andorra, Monaco, Italy, San Marino, and Switzerland.</subfield>
  </datafield>
  <datafield tag="650" ind1=" " ind2="0">
    <subfield code="a">Botany</subfield>
    <subfield code="x">Bibliography.</subfield>
  </datafield>
  <datafield tag="700" ind1="1" ind2=" ">
    <subfield code="a">Atwood, Alice C.</subfield>
    <subfield code="q">(Alice Cary),</subfield>
    <subfield code="d">1876-1947,</subfield>
    <subfield code="e">joint author.</subfield>
  </datafield>
  <datafield tag="740" ind1="0" ind2=" ">
    <subfield code="a">Floras of the world.</subfield>
  </datafield>
  <datafield tag="830" ind1=" " ind2="0">
    <subfield code="a">Miscellaneous publication (United States. Department of Agriculture) ;</subfield>
    <subfield code="v">no. 401, 797.</subfield>
  </datafield>
  <datafield tag="999" ind1=" " ind2=" ">
    <subfield code="c">10207</subfield>
    <subfield code="d">10207</subfield>
  </datafield>
</record>
